000 00707nab a2200193 4500
001 244442
003 OSt
005 20231024090110.0
007 tu
008 200917s2020|||||||
040 _aDE-2950
_cDE-2950
245 0 0 _aHitzige Debatte um Asyl und Migration
_bStadtpolitik. Die AfD beantragte am Donnerstag einen Aufnahmestopp für Flüchtlinge in Frankfurt. Vor allem eine Stadtverordnete hielt leidenschaftlich dagegen. Und die Stadtspitze lieferte Fakten/
_cThomas Gutke
264 _c2023
653 _aFrankfurt (Oder)
653 _aStadtverordnetenversammlung
653 _aAsylpolitik
773 0 _g34. Jahrgang (2023) Nr. 246 vom 21.10.2023, S. 19
_tMärkische Oderzeitung
942 _2z
_cA
999 _c372794
_d372794